Digestive system in order - Statistics

General Stats
  • This quiz has been taken 325 times
    282 since last reset
  • The average score is 6 of 10
Answer Stats
Hint Answer % Correct
1 mouth
99%
2 esophagus
77%
4 stomach
74%
10 anus
65%
7 small intestine
57%
8 large intestine
56%
9 rectum
49%
3 liver
47%
5 gall bladder
45%
6 pancreas
41%
No matching quizzes found
Score Distribution
Percent of People with Each Score
Percentile by Number Answered
Your Score History
You have not taken this quiz since the last reset